[Event "SVK-chT2C 2223"]
[Site "Slovakia"]
[Date "2023.03.26"]
[Round "11.2"]
[White "Lisko, Frantisek"]
[Black "Gorcsi, Gabor"]
[Result "1/2-1/2"]
[WhiteElo "2180"]
[BlackElo "2202"]
[PlyCount "107"]
[EventDate "2022.10.08"]
[EventType "team-tourn"]
[EventRounds "11"]
[EventCountry "SVK"]
[SourceTitle "EXT 2024"]
[Source "ChessBase"]
[SourceDate "2023.10.10"]
[SourceVersion "1"]
[SourceVersionDate "2023.10.10"]
[SourceQuality "1"]
[WhiteTeam "Zilina Mladost III"]
[BlackTeam "Vinica"]
[WhiteTeamCountry "SVK"]
[BlackTeamCountry "SVK"]

1. d4 Nf6 2. c4 g6 3. Nc3 Bg7 4. e4 d6 5. Nge2 0-0 6. Ng3 c5 7. d5 e6 8. Be2 Na6 9. 0-0 exd5 10. cxd5 Re8 11. Bf4 h6 12. h3 Nc7 13. a4 b6 14. Re1 a6 15. Bc4 g5 16. Bc1 Nd7 17. Nf5 Ne5 18. Nxg7 Kxg7 19. Bf1 Qf6 20. Re3 Bd7 21. Rg3 Kh7 22. Qh5 Rg8 23. Ra3 Rg6 24. Nd1 g4 25. Be2 Rag8 26. hxg4 Bxg4 27. Bxg4 Rxg4 28. Rxg4 Rxg4 29. f4 Qg6 30. Qxg6+ Nxg6 31. Nf2 Rh4 32. g3 Rh5 33. Ng4 Ne8 34. f5 Ne5 35. Nxe5 dxe5 36. Rb3 b5 37. axb5 axb5 38. Rxb5 Nd6 39. Rb6 Nxe4 40. d6 Rh3 41. Bxh6 Rxg3+ 42. Kh2 Rg8 43. Rc6 Rd8 44. Be3 Nxd6 45. Bxc5 Nxf5 46. b4 Rd2+ 47. Kh3 Rb2 48. Rf6 Nd4 49. Rxf7+ Kg6 50. Rd7 Nc2 51. Rd2 Rb3+ 52. Kg4 Nd4 53. Bxd4 Rxb4 54. Kf3 1/2-1/2

[Event "SVK-chT2C 1920"]
[Site "Slovakia"]
[Date "2020.03.07"]
[Round "10.2"]
[White "Brnusak, Tomas"]
[Black "Gorcsi, Gabor"]
[Result "0-1"]
[WhiteElo "2042"]
[BlackElo "2204"]
[PlyCount "80"]
[EventDate "2019.10.26"]
[EventType "team-tourn"]
[EventRounds "11"]
[EventCountry "SVK"]
[SourceTitle "CBM 195 Extra"]
[Source "ChessBase"]
[SourceDate "2020.05.31"]
[SourceVersion "1"]
[SourceVersionDate "2020.05.31"]
[SourceQuality "1"]
[WhiteTeam "Liptov Chess School III"]
[BlackTeam "Vinica"]
[WhiteTeamCountry "SVK"]
[BlackTeamCountry "SVK"]

1. e4 c5 2. Nf3 e6 3. c4 Nc6 4. Nc3 Nf6 5. Be2 d5 6. d3 d4 7. Nb5 e5 8. 0-0 h6 9. h3 Be7 10. Nh2 g5 11. Ng4 Nd7 12. Bd2 Nf8 13. Nh2 Be6 14. Bh5 Ng6 15. Bg4 Bxg4 16. hxg4 Qd7 17. Na3 a6 18. Re1 0-0-0 19. Nc2 h5 20. a3 Rh7 21. gxh5 Nf4 22. Bxf4 exf4 23. Ng4 Rxh5 24. f3 f6 25. Kf2 Rdh8 26. b4 Ne5 27. bxc5 Nxg4+ 28. fxg4 Rh4 29. Nb4 Rxg4 30. Rh1 Rxh1 31. Qxh1 Rh4 32. Qd1 g4 33. Nd5 g3+ 34. Ke2 Bd8 35. Kd2 Rh2 36. Qf3 Qa4 37. Nb6+ Bxb6 38. cxb6 Qa5+ 39. Kc2 Qc3+ 40. Kd1 Rh1+ 0-1

[Event "SVK-chT2C 1920"]
[Site "Slovakia"]
[Date "2020.02.15"]
[Round "8.2"]
[White "Gorcsi, Gabor"]
[Black "Giertli, Vladimir"]
[Result "1/2-1/2"]
[WhiteElo "2204"]
[BlackElo "2023"]
[PlyCount "73"]
[EventDate "2019.10.26"]
[EventType "team-tourn"]
[EventRounds "11"]
[EventCountry "SVK"]
[SourceTitle "CBM 195 Extra"]
[Source "ChessBase"]
[SourceDate "2020.05.31"]
[SourceVersion "1"]
[SourceVersionDate "2020.05.31"]
[SourceQuality "1"]
[WhiteTeam "Vinica"]
[BlackTeam "Banska Bystrica Veza"]
[WhiteTeamCountry "SVK"]
[BlackTeamCountry "SVK"]

1. Nf3 Nf6 2. c4 c5 3. g3 g6 4. Bg2 Bg7 5. Nc3 Nc6 6. d4 cxd4 7. Nxd4 0-0 8. 0-0 Nxd4 9. Qxd4 d6 10. Qh4 Re8 11. Bg5 Bd7 12. Rad1 Qb6 13. b3 Bc6 14. e4 a5 15. Nd5 Bxd5 16. exd5 a4 17. Rb1 axb3 18. Rxb3 Qc7 19. Rfb1 Reb8 20. Be3 Ra4 21. Bb6 Qxc4 22. Qxc4 Rxc4 23. Ba7 Rbc8 24. Be3 Ra4 25. Rxb7 Rxa2 26. Rxe7 Ra5 27. Rd1 Ng4 28. Bh3 h5 29. Bf4 Rd8 30. Bxg4 hxg4 31. Rc7 Ra1 32. Rxa1 Bxa1 33. Rc4 Be5 34. Kg2 Kg7 35. Bxe5+ dxe5 36. Rxg4 Rxd5 37. Ra4 1/2-1/2

[Event "SVK-chT2C 1920"]
[Site "Slovakia"]
[Date "2019.12.14"]
[Round "5.2"]
[White "Gorcsi, Gabor"]
[Black "Vacek, Ondrej"]
[Result "0-1"]
[WhiteElo "2204"]
[BlackElo "2136"]
[PlyCount "112"]
[EventDate "2019.10.26"]
[EventType "team-tourn"]
[EventRounds "11"]
[EventCountry "SVK"]
[SourceTitle "CBM 194 Extra"]
[Source "ChessBase"]
[SourceDate "2020.03.31"]
[SourceVersion "1"]
[SourceVersionDate "2020.03.31"]
[SourceQuality "1"]
[WhiteTeam "Vinica"]
[BlackTeam "Zvolen Slavia"]
[WhiteTeamCountry "SVK"]
[BlackTeamCountry "SVK"]

1. d4 d5 2. c4 c6 3. Nf3 Nf6 4. Qb3 dxc4 5. Qxc4 Bf5 6. g3 e6 7. Bg2 Be7 8. 0-0 h6 9. e3 Nbd7 10. Qe2 0-0 11. Nc3 Ne4 12. Nd2 Nxd2 13. Bxd2 Rc8 14. e4 Bh7 15. Rad1 Nf6 16. Bf4 Bb4 17. a3 Bxc3 18. bxc3 Re8 19. Rfe1 Qa5 20. Qb2 Qb6 21. Qa1 Red8 22. c4 Qa6 23. Qc3 Qa4 24. f3 Bg6 25. Be3 h5 26. Rd2 Rd7 27. Rb2 Qa6 28. Bf1 b6 29. c5 Qb7 30. cxb6 axb6 31. Reb1 b5 32. Rc1 Rdd8 33. Bg5 Qa7 34. Be3 Qa4 35. Rb4 Qa8 36. Ra1 Rd7 37. Qb3 Rcd8 38. Qc3 Rc8 39. Rc1 Rdd8 40. a4 bxa4 41. Qa3 h4 42. g4 Rb8 43. Rxa4 Qb7 44. Bf2 Ra8 45. Bxh4 Rxa4 46. Qxa4 Qb2 47. Rd1 Bxe4 48. Bxf6 Bc2 49. Qa5 Rd5 50. Qd2 gxf6 51. Rc1 Rxd4 52. Qxc2 Qb6 53. Kh1 Rd6 54. Bd3 Qe3 55. Be4 Rd2 56. Bh7+ Kg7 0-1

[Event "HUN-chT2 Charousek 1819"]
[Site "Hungary"]
[Date "2018.12.02"]
[Round "5.11"]
[White "Pasti, Aron"]
[Black "Gorcsi, Gabor"]
[Result "0-1"]
[WhiteElo "1979"]
[BlackElo "2150"]
[PlyCount "28"]
[EventDate "2018.09.23"]
[EventType "team-tourn"]
[EventRounds "11"]
[EventCountry "HUN"]
[SourceTitle "CBM 189 Extra"]
[Source "ChessBase"]
[SourceDate "2019.06.03"]
[SourceVersion "1"]
[SourceVersionDate "2019.06.03"]
[SourceQuality "1"]
[WhiteTeam "Ajka Banyasz"]
[BlackTeam "Budapest HASE"]
[WhiteTeamCountry "HUN"]
[BlackTeamCountry "HUN"]

1. e4 g6 2. d4 d6 3. f4 Bg7 4. Nf3 Nf6 5. Bd3 0-0 6. 0-0 c5 7. c3 cxd4 8. cxd4 Nc6 9. Qb3 Ng4 10. e5 dxe5 11. dxe5 Be6 12. Qxb7 Qxd3 13. Qxc6 Rac8 14. Qa4 Rxc1 0-1

[Event "HUN-chT2 Charousek 1819"]
[Site "Hungary"]
[Date "2018.09.23"]
[Round "1.10"]
[White "Gorcsi, Gabor"]
[Black "Nagy, Kristof"]
[Result "1-0"]
[WhiteElo "2150"]
[BlackElo "2144"]
[PlyCount "115"]
[EventDate "2018.09.23"]
[EventType "team-tourn"]
[EventRounds "11"]
[EventCountry "HUN"]
[SourceTitle "CBM 189 Extra"]
[Source "ChessBase"]
[SourceDate "2019.06.03"]
[SourceVersion "1"]
[SourceVersionDate "2019.06.03"]
[SourceQuality "1"]
[WhiteTeam "Budapest HASE"]
[BlackTeam "Szentgotthard Alsoszolnok"]
[WhiteTeamCountry "HUN"]
[BlackTeamCountry "HUN"]

1. d4 d5 2. c4 e6 3. Nc3 Nf6 4. cxd5 exd5 5. Bg5 c6 6. Qc2 Be7 7. e3 0-0 8. Bd3 h6 9. Bh4 Nbd7 10. Nge2 Ne8 11. Bg3 Bd6 12. 0-0 Bxg3 13. Nxg3 Nd6 14. Rfe1 Qh4 15. f3 Nf6 16. Qf2 Be6 17. h3 Nh5 18. Nxh5 Qxh5 19. e4 dxe4 20. fxe4 Bc4 21. Re3 Bxd3 22. Rxd3 Qg6 23. Rg3 Qe6 24. e5 Ne8 25. Ne4 b6 26. Qe3 Kh7 27. Qd3 Kh8 28. Qa3 Nc7 29. Nd6 Nb5 30. Nxb5 cxb5 31. Qe3 f5 32. Qe2 Rad8 33. Rd1 Rd5 34. Qh5 Kh7 35. Rgd3 Rc8 36. Qe2 a5 37. a3 Rc7 38. Qd2 Rc4 39. b3 Rc8 40. Rc3 Rcd8 41. Rd3 Qe7 42. b4 axb4 43. axb4 Rc8 44. Rc3 Rcd8 45. Rd3 Rc8 46. Qf4 g6 47. Ra1 Rcd8 48. Rd2 R8d7 49. Ra8 Kg7 50. Kh2 Qe6 51. Qe3 Rf7 52. Qc3 Rf8 53. Rda2 Rf7 54. Rb8 h5 55. Raa8 f4 56. Rh8 Rfd7 57. Qc8 Qf7 58. Rh7+ 1-0

[Event "HUN-ch U18"]
[Site "Balatonlelle"]
[Date "2018.06.28"]
[Round "9"]
[White "Polyik, Peter"]
[Black "Gorcsi, Gabor"]
[Result "1/2-1/2"]
[WhiteElo "2311"]
[BlackElo "2154"]
[PlyCount "65"]
[EventDate "2018.06.21"]
[EventType "swiss"]
[EventRounds "9"]
[EventCountry "HUN"]
[SourceTitle "EXT 2019"]
[Source "ChessBase"]
[SourceDate "2018.10.10"]
[SourceVersion "1"]
[SourceVersionDate "2018.10.10"]
[SourceQuality "1"]

1. d4 Nf6 2. c4 g6 3. Nc3 Bg7 4. e4 d6 5. Be2 0-0 6. Bg5 c5 7. d5 e6 8. Qd2 exd5 9. exd5 Qb6 10. Nf3 Bf5 11. Nh4 Ne4 12. Nxe4 Bxe4 13. f3 h6 14. Bxh6 Bxh6 15. Qxh6 Qxb2 16. 0-0 Bc2 17. Rac1 Re8 18. Qd2 Qf6 19. g3 Ba4 20. f4 Qe7 21. Rf2 Qe3 22. Qxe3 Rxe3 23. Ng2 Ra3 24. Bf1 Na6 25. f5 gxf5 26. Nh4 Bd7 27. Bh3 Nb4 28. Bxf5 Rd8 29. Bb1 b5 30. Rcf1 Bh3 31. Ng2 Bxg2 32. Kxg2 Rd7 33. cxb5 1/2-1/2

[Event "HUN-ch U18"]
[Site "Balatonlelle"]
[Date "2018.06.26"]
[Round "7"]
[White "Toth, Tamas3333"]
[Black "Gorcsi, Gabor"]
[Result "1/2-1/2"]
[WhiteElo "2222"]
[BlackElo "2154"]
[PlyCount "64"]
[EventDate "2018.06.21"]
[EventType "swiss"]
[EventRounds "9"]
[EventCountry "HUN"]
[SourceTitle "EXT 2019"]
[Source "ChessBase"]
[SourceDate "2018.10.10"]
[SourceVersion "1"]
[SourceVersionDate "2018.10.10"]
[SourceQuality "1"]

1. e4 d6 2. d4 Nf6 3. f3 g6 4. Be3 Nbd7 5. Ne2 Bg7 6. Qd2 c6 7. g4 b5 8. Ng3 h5 9. g5 Nh7 10. h4 Nb6 11. Nc3 d5 12. e5 Nf8 13. a4 Nc4 14. Bxc4 bxc4 15. a5 Rb8 16. Ra2 Ne6 17. f4 Nc7 18. 0-0 e6 19. Rb1 Bf8 20. Nd1 c3 21. Nxc3 Bb4 22. Nge2 Ba6 23. Qd1 Nb5 24. Nxb5 Rxb5 25. c3 Rxa5 26. Rba1 Bc4 27. cxb4 Rxa2 28. Rxa2 Bxa2 29. b3 Qb6 30. Nc3 Qa6 31. Qc2 Bxb3 32. Qxb3 Qd3 1/2-1/2

[Event "HUN-ch U18"]
[Site "Balatonlelle"]
[Date "2018.06.25"]
[Round "6"]
[White "Gorcsi, Gabor"]
[Black "Margl, Roland"]
[Result "1/2-1/2"]
[WhiteElo "2154"]
[BlackElo "2194"]
[PlyCount "35"]
[EventDate "2018.06.21"]
[EventType "swiss"]
[EventRounds "9"]
[EventCountry "HUN"]
[SourceTitle "EXT 2019"]
[Source "ChessBase"]
[SourceDate "2018.10.10"]
[SourceVersion "1"]
[SourceVersionDate "2018.10.10"]
[SourceQuality "1"]

1. e4 c6 2. d4 d5 3. exd5 cxd5 4. Bd3 Nc6 5. c3 Qc7 6. h3 Nf6 7. Nf3 g6 8. Qc2 Nh5 9. Qb3 Nf4 10. Bxf4 Qxf4 11. Nbd2 Qd6 12. 0-0 Bg7 13. Rae1 0-0 14. Re2 Rb8 15. Rfe1 b5 16. Qc2 b4 17. Ne5 e6 18. Nb3 1/2-1/2

[Event "HUN-chT2 Maroczy 1718"]
[Site "Hungary"]
[Date "2018.03.25"]
[Round "8.12"]
[White "Gorcsi, Gabor"]
[Black "Papp Zoltan, Csaba"]
[Result "1/2-1/2"]
[WhiteElo "2157"]
[BlackElo "2217"]
[PlyCount "43"]
[EventDate "2017.10.29"]
[EventType "team-tourn"]
[EventRounds "9"]
[EventCountry "HUN"]
[SourceTitle "EXT 2021"]
[Source "ChessBase"]
[SourceDate "2020.10.23"]
[SourceVersion "1"]
[SourceVersionDate "2020.10.23"]
[SourceQuality "1"]
[WhiteTeam "Budapest HASE"]
[BlackTeam "Szeged Maroczy"]
[WhiteTeamCountry "HUN"]
[BlackTeamCountry "HUN"]

1. d4 d5 2. c4 e6 3. Nc3 c6 4. Nf3 Nf6 5. Bg5 Be7 6. e3 Nbd7 7. Qc2 0-0 8. cxd5 exd5 9. Bd3 Re8 10. 0-0 Nf8 11. Ne5 Ng4 12. Bxe7 Qxe7 13. Nf3 Ng6 14. h3 Nf6 15. Bxg6 fxg6 16. Ne5 Nh5 17. g4 Qh4 18. Kg2 Rxe5 19. dxe5 Bxg4 20. hxg4 Qxg4+ 21. Kh2 Qh4+ 22. Kg1 1/2-1/2

[Event "HUN-chT2 Maroczy 1718"]
[Site "Hungary"]
[Date "2018.01.28"]
[Round "5.11"]
[White "Gorcsi, Gabor"]
[Black "Tanacs, Anna"]
[Result "0-1"]
[WhiteElo "2157"]
[BlackElo "1966"]
[PlyCount "74"]
[EventDate "2017.10.29"]
[EventType "team-tourn"]
[EventRounds "9"]
[EventCountry "HUN"]
[SourceTitle "EXT 2021"]
[Source "ChessBase"]
[SourceDate "2020.10.23"]
[SourceVersion "1"]
[SourceVersionDate "2020.10.23"]
[SourceQuality "1"]
[WhiteTeam "Budapest HASE"]
[BlackTeam "Toth Laszlo"]
[WhiteTeamCountry "HUN"]
[BlackTeamCountry "HUN"]

1. d4 Nf6 2. c4 e6 3. Nc3 Bb4 4. Qc2 d5 5. a3 Be7 6. Bg5 c6 7. cxd5 exd5 8. e3 0-0 9. Bd3 Nbd7 10. Nge2 h6 11. Bh4 c5 12. 0-0 cxd4 13. Nxd4 Nc5 14. Bf5 Ne6 15. Rfd1 Nxd4 16. Rxd4 Be6 17. Rad1 Qc8 18. Bd3 Rd8 19. Qd2 g5 20. Bg3 Bc5 21. Ra4 a6 22. b4 Bf8 23. b5 Bg7 24. Rc1 Qd7 25. bxa6 bxa6 26. Rxa6 Ne4 27. Nxe4 dxe4 28. Qa5 Rac8 29. Rxc8 Rxc8 30. Bf1 Rc1 31. Ra8+ Kh7 32. Rd8 Bc4 33. h4 Rxf1+ 34. Kh2 Qe6 35. Rd6 Qg4 36. Qb4 gxh4 37. Bf4 Rxf2 0-1

[Event "Eger Agria op 41th"]
[Site "Eger"]
[Date "2017.07.23"]
[Round "9"]
[White "Boguszlavszkij, Jevgenyij"]
[Black "Gorcsi, Gabor"]
[Result "1/2-1/2"]
[WhiteElo "2124"]
[BlackElo "2159"]
[PlyCount "58"]
[EventDate "2017.07.17"]
[EventType "swiss"]
[EventRounds "9"]
[EventCountry "HUN"]
[SourceTitle "EXT 2020"]
[Source "ChessBase"]
[SourceDate "2019.10.17"]
[SourceVersion "1"]
[SourceVersionDate "2019.10.17"]
[SourceQuality "1"]

1. e4 c5 2. Nf3 e6 3. d3 d5 4. Nbd2 Nc6 5. g3 Nf6 6. Bg2 Be7 7. 0-0 0-0 8. Re1 b5 9. e5 Nd7 10. Nf1 Qc7 11. Bf4 b4 12. h4 a5 13. N1h2 Ba6 14. Ng5 Bxg5 15. hxg5 Ne7 16. Qh5 Rfe8 17. Ng4 Qd8 18. Bf3 Nf5 19. Kg2 g6 20. Qh3 h5 21. Nf6+ Kf8 22. g4 hxg4 23. Qxg4 Ke7 24. Rad1 Bb7 25. c3 Qb6 26. Rh1 Rh8 27. Rh3 Rxh3 28. Qxh3 bxc3 29. bxc3 Qb2 1/2-1/2

[Event "HUN-chT 1617"]
[Site "Hungary"]
[Date "2017.01.29"]
[Round "5.12"]
[White "Czupor, Attila"]
[Black "Gorcsi, Gabor"]
[Result "1-0"]
[WhiteElo "2234"]
[BlackElo "2187"]
[PlyCount "51"]
[EventDate "2016.10.30"]
[EventType "team-tourn"]
[EventRounds "9"]
[EventCountry "HUN"]
[SourceTitle "EXT 2018"]
[Source "ChessBase"]
[SourceDate "2017.10.13"]
[SourceVersion "1"]
[SourceVersionDate "2017.10.13"]
[SourceQuality "1"]
[WhiteTeam "HVSE Infraplan"]
[BlackTeam "HASE Lila Futo"]
[WhiteTeamCountry "HUN"]
[BlackTeamCountry "HUN"]

1. e4 c5 2. Nf3 d6 3. d4 cxd4 4. Nxd4 Nf6 5. f3 e5 6. Nb3 Nc6 7. c4 Nxe4 8. fxe4 Qh4+ 9. Kd2 Qxe4 10. Qf3 Qg6 11. Bd3 f5 12. Nc3 e4 13. Nxe4 Ne5 14. Qe2 fxe4 15. Bxe4 Bf5 16. Bxf5 Qxf5 17. Nd4 Qf7 18. b3 0-0-0 19. Bb2 Be7 20. Rae1 Bg5+ 21. Kc2 Rhf8 22. Qe4 g6 23. Re2 Qd7 24. Rd1 Rf4 25. Qd5 Qf5+ 26. Nxf5 1-0

[Event "HUN-chT U18"]
[Site "Hajduboszormeny"]
[Date "2016.11.06"]
[Round "8.25"]
[White "Gorcsi, Gabor"]
[Black "Szilassi, Abel"]
[Result "1-0"]
[WhiteElo "2163"]
[BlackElo "2023"]
[PlyCount "55"]
[EventDate "2016.11.02"]
[EventType "team-swiss"]
[EventRounds "8"]
[EventCountry "HUN"]
[SourceTitle "CBM 175 Extra"]
[Source "ChessBase"]
[SourceDate "2016.12.12"]
[SourceVersion "1"]
[SourceVersionDate "2016.12.12"]
[SourceQuality "1"]

1. Nf3 d5 2. g3 e6 3. Bg2 Nf6 4. 0-0 c5 5. c4 b6 6. cxd5 exd5 7. d4 Bb7 8. Nc3 Be7 9. Bf4 0-0 10. Rc1 Nbd7 11. Nb5 Ne4 12. Nd2 Ndf6 13. dxc5 Nxd2 14. Qxd2 bxc5 15. Rfd1 Qd7 16. Nc7 Rad8 17. Qa5 Qc6 18. Nb5 Qb6 19. Bc7 Qxa5 20. Bxa5 Rb8 21. Bc7 Rbc8 22. Bh3 Rxc7 23. Nxc7 a6 24. Bg2 Rd8 25. e4 d4 26. e5 Bxg2 27. exf6 gxf6 28. Kxg2 1-0